Strzelcy Premier League w klubach 2004/05 - Statystyki

Ogólne statystyki
  • Ten quiz został rozwiązany 10 razy
  • Średni wynik to 6 z 20
Statystyki odpowiedzi
Klub Narodowość # Nazwisko % Poprawnych
Arsenal Francja 25 Thierry Henry
100%
Manchester United Anglia 11 Wayne Rooney
80%
Everton Australia 11 Tim Cahill
70%
Chelsea Anglia 13 Frank Lampard
60%
Liverpool Czechy 9 Milan Baroš
60%
Fulham Anglia 12 Andy Cole
50%
Newcastle United Walia/Anglia 7 Craig Bellamy/Alan Shearer
40%
Tottenham Hotspur Anglia 13 Jermain Defoe
30%
Middlesbrough Holandia 13 Jimmy Floyd Hasselbaink
20%
Manchester City Anglia 11 Shaun Wright-Phillips
20%
Bolton Wanderers Senegal 9 El-Hadji Diouf
10%
Blackburn Rovers Szkocja 9 Paul Dickov
10%
Southampton Anglia 12 Peter Crouch
10%
Portsmouth Nigeria 12 Yakubu Aiyegbeni
10%
Crystal Palace Anglia 21 Andy Johnson
0%
Norwich City Anglia/Jamajka 7 Dean Ashton/Damien Francis/Leon McKenzie
0%
Birmingham City Anglia 10 Emile Heskey
0%
Aston Villa Peru 8 Nolberto Solano
0%
West Bromwich Albion Walia 11 Robert Earnshaw
0%
Charlton Athletic RPA 6 Shaun Bartlett
0%
Nie znaleziono quizów pasujących do podanych kryteriów
Rozkład punktacji
Procent ludzi z każdym wynikiem
Percentyl według liczby udzielonych odpowiedzi
Twoja historia wyników
Nie rozwiązałeś tego quizu